00731nam a2200241 a 4500001001300000003000900013005001700022008004100039020002300080082001500103100002300118245003700141260004800178300000900226500003500235505002300270650002500293700002300318902000800341942000700349952011600356999001700472nice12345678IN_TiNIC20260116014343.0110106s2010 newa grp 000 0 eng  a9788184572421c85000a923.2bCHA aChadda, Kusum Lata aGandhib The Master Communicator aNew Delhi bKanishka Pubs. & Distbs. c2010 a306p aincludes index and biblioraphy2 aBibliography,Index aGandhi M K-Biography1 aChadda, Kusum Lata bSRS cBK 001040708StackRoom-aHMIbHMId2011-01-06g850.00l0o923.2 CHAp023408r2011-01-06v850.00w2011-01-06yBK c14952d14952